Argentina en el siglo XX : (Record no. 173918)

MARC details
000 -CABECERA
campo de control de longitud fija 00715nam a2200205 a 4500
005 - FECHA Y HORA DE LA ÚLTIMA TRANSACCIÓN
campo de control 20241016063730.0
008 - ELEMENTOS DE LONGITUD FIJA--INFORMACIÓN GENERAL
campo de control de longitud fija 150218s1997 mx r 000 0 spa d
020 ## - NÚMERO INTERNACIONAL NORMALIZADO PARA LIBROS
Número Internacional Estándar del Libro 9264454810
035 ## - NÚMERO DE CONTROL DEL SISTEMA
Número de control de sistema UPN01000201817
049 ## - COLECCIÓN
Colección CG
050 #4 - SIGNATURA TOPOGRÁFICA DE LA BIBLIOTECA DEL CONGRESO
Número de clasificación HC175
Número de documento/Ítem V4.2
100 1# - ASIENTO PRINCIPAL--NOMBRE PERSONAL
Nombre de persona Véganzonès, Marie-Ange
9 (RLIN) 36689
245 10 - MENCIÓN DE TÍTULO
Título Argentina en el siglo XX :
Resto del título crónica de un crecimiento anunciado /
Mención de responsabilidad, etc. Marie-Ange Véganzonès, Carlos Winograd.
260 ## - PUBLICACIÓN, DISTRIBUCIÓN, ETC.
Lugar de publicación, distribución, etc. Francia :
Nombre del editor, distribuidor, etc. OCDE,
Fecha de publicación, distribución, etc. c1997.
300 ## - DESCRIPCIÓN FÍSICA
Extensión 305 p.
440 #0 - MENCIÓN DE SERIE/ASIENTO SECUNDARIO--TÍTULO
Título Estudios del Centro de Desarrollo.
Nombre de parte o sección de la obra Crecimiento de Largo Plazo ;
Designación de volumen o secuencia 97
651 #4 - ASIENTO SECUNDARIO DE MATERIA - NOMBRE GEOGRAFICO
Nombre geográfico ARGENTINA -
Subdivisión general CONDICIONES ECONOMICAS -
Subdivisión cronológica SIGLO XX
9 (RLIN) 7801
650 #0 - ASIENTO SECUNDARIO DE MATERIA - TERMINO TEMATICO
Término de materia o nombre geográfico como elemento de entrada Desarrollo económico
Subdivisión geográfica Argentina
9 (RLIN) 22001
905 ## - TIPO DE MATERIAL
Tipo de material Libro
Holdings
Estado de retiro Estado de pérdida Fuente del sistema de clasificación o colocación Estado dañado No para préstamo Código de colección Localización permanente Ubicación/localización actual Ubicación en estantería Total de préstamos Clasificación Código de barras Fecha visto por última vez Número de copia Tipo de ítem Koha
    Library of Congress Classification     Colección General Bib. Gregorio Torres Quintero Bib. Gregorio Torres Quintero Planta baja   HC175 V4.2 301905 31/12/2020 1 Libro
    Library of Congress Classification     Colección General Bib. Gregorio Torres Quintero Bib. Gregorio Torres Quintero Planta baja   HC175 V4.2 301904 31/12/2020 1 Libro